000 01033nam a2200289Ia 4500
001 Para_386
003 CHAP
008 220125s2001 xx 000 0 und d
010 _a199141
040 _cCHAP
090 _aPA TESIS 1505
100 _aCáceres Acosta, Edwin Alfredo
_923959
245 _aEvaluación de pérdidas en genotipos mejorados de trigo (Triticum aestivum L.) por daño de enfermedades foliares causadas por hongos en ambientes de temporal en México /
_c por Edwin Alfredo Cáceres Acosta
260 _aChapingo, Méx. :
_b el autor
300 _a81 h.
502 _aTesis (M.C. en Protección Vegetal). UACh. Departamento Parasitología Agrícola
650 _aTrigo
_x enfermedades
_9115017
650 _aTrigo
_x variedades
_9115119
710 _aI. UACh. Departamento Parasitología Agrícola
_9164478
901 _aPA TESIS 1505
902 _aA
905 _a0000002001 i 0000000000 00
910 _a2001
942 _cPARA
942 _cPARA
_d1
999 _c199141
_d199141